| 000 -ლიდერი |
| ფიქსირებული სიგრძის საკონტროლო ველი |
01159nam a22002057a 4500 |
| 003 - საკონტროლო ნომრის იდენტიფიკატორი |
| საკონტროლო ველი |
Ge_BSU |
| 005 - ბოლო ოპერაციის თარიღი და დრო |
| საკონტროლო ველი |
20230608172023.0 |
| 008 - ფიქსირებული სიგრძის მონაცემთა ელემენტები - ზოგადი ინფორმაცია |
| ფიქსირებული სიგრძის საკონტროლო ველი |
230608s1970 ge ||||| |||| 00| 0 geo d |
| 041 ## - ენის კოდი |
| Language code of text/sound track or separate title |
geo |
| 080 ## - უნივერსალური ათობითი კლასიფიკაციის ინდექსი |
| Universal Decimal Classification number |
911.2(479.22) მ-34 |
| 100 ## - მთავარი ჩანაწერი - პიროვნების სახელი |
| Personal name |
მარუაშვილი, ლევან |
| 9 (RLIN) |
1502 |
| 245 ## - ცნობა სათაურის შესახებ |
| Title |
საქართველოს ფიზიკური გეოგრაფია : |
| Remainder of title |
[სახელმძღვანელო სტუდენტებისათვის]. ნაწ. 2 / |
| Statement of responsibility, etc |
ლევან მარუაშვილი; რედ. მ. სანებლიძე. |
| 250 ## - გამოცემის ცნობა |
| Edition statement |
მე-2 გადამუშ. გამოცემა |
| 264 ## - წარმოების, გამოცემის, დისტრიბუციის და სხვა ცნობები |
| გამოცემის, წარმოების, დისტრიბუციის... ადგილი |
თბილისი : |
| გამოცემის, წარმოების, დისტრიბუციის... სახელწოდება |
თბილ. უნ-ტის გამ-ბა, |
| გამოცემის, წარმოების, დისტრიბუციის... თარიღი |
1970. |
| 300 ## - ფიზიკური აღწერა |
| Extent |
347 გვ. : |
| Other physical details |
ილ., 1 ფ. რუკა. |
| Dimensions |
22 სმ. |
| 501 ## - შენიშვნა თანმხლებ მასალაზე |
| With note |
ლიტერატურის დამატებითი სია: გვ. 345-346. |
| 653 ## - INDEX TERM--UNCONTROLLED |
| Uncontrolled term |
საქართველოს ფიზიკური გეოგრაფია |
| 700 ## - ADDED ENTRY--PERSONAL NAME |
| Personal name |
სანებლიძე, მ. |
| Relator term |
რედაქტორი |
| 9 (RLIN) |
18582 |
| 942 ## - ADDED ENTRY ELEMENTS (KOHA) |
| Source of classification or shelving scheme |
|
| Koha item type |
წიგნი |